00450nam a2200169Ia 4500999001700000003000400017005001700021008004100038040000900079082001700088100002500105245004500130260004300175300000900218650001200227942004100239 c35761d35761OSt20201215110905.0190216s9999||||xx |||||||||||||| ||und|| coclc a940.2bDUR/T aDurant, Ariel 93659 4aThe Age Of Reason Begins /cAriel Durant bSimon And Schuster,c1961.aNew York: a683p aHistory cREF2ddch940.2iDUR/Tk940.2mDUR/T